书目信息 |
| 题名: |
生物炼制——工业过程与产品
|
|
| 作者: | 卡姆 , 格鲁勃 , 卡姆 著 ;马延和 主译 | |
| 分册: | 上卷 | |
| 出版信息: | 北京 化学工业出版社 2007 |
|
| 页数: | 342页 | |
| 开本: | 24cm | |
| 丛书名: | 工业生物技术译著系列 | |
| 单 册: | ||
| 中图分类: | Q939.97 | |
| 科图分类: | ||
| 主题词: | 工业微生物学 | |
| 电子资源: | ||
| ISBN: | 978-7-5025-9605-7 | |
| 000 | 01396oam2 2200337 450 | |
| 001 | 003560394 | |
| 005 | 20080303091842.85 | |
| 010 | @a978-7-5025-9605-7@b精装@dCNY58.00 | |
| 035 | @a003560394 | |
| 100 | @a20070327d2007 em y0chiy0110 ea | |
| 101 | 1 | @achi@cger |
| 102 | @aCN@b110000 | |
| 105 | @ay z 001yy | |
| 106 | @ar | |
| 200 | 1 | @a生物炼制——工业过程与产品@Asheng wu lian zhi — — gong ye guo cheng yu chan pin@h上卷@dBiorefineries-industrial processes and products@hVolume 1@f(德)波吉特·卡姆(Birgit Kamm),(美)帕特里克·R. 格鲁勃(Patrick R. Gruber),(德)迈克·卡姆(Michael Kamm)著@g马延和主译@zeng |
| 210 | @a北京@c化学工业出版社@d2007 | |
| 215 | @a342页@d24cm | |
| 225 | 2 | @a工业生物技术译著系列 |
| 300 | @a国外优秀科技著作出版专项基金资助 | |
| 305 | @aWiley-VCH出版公司授权出版 | |
| 330 | @a本书内容涉及了生物炼制的概念及原理、工艺过程、工厂、当前和未来的生物基产品系以及其经济性等方面的概况。 | |
| 461 | 0 | @1001003153130@12001 @a工业生物技术译著系列 |
| 510 | 1 | @aBiorefineries-industrial processes and products@hVolume 1@zeng |
| 606 | 0 | @a工业微生物学 |
| 690 | @aQ939.97@v4 | |
| 701 | 0 | @c(德)@a卡姆@Aka mu@c(Kamm, Birgit)@4著 |
| 701 | 0 | @c(美)@a格鲁勃@Age lu bo@c(Gruber, Patrick R.)@4著 |
| 701 | 0 | @c(德)@a卡姆@Aka mu@c(Kamm, Michael)@4著 |
| 702 | 0 | @a马延和@Ama yan he@c(微生物学)@4主译 |
| 801 | 0 | @aCN@bNLC@c20080303 |
| 905 | @dQ939.97@e64@f4 | |
| 生物炼制——工业过程与产品.上卷=Biorefineries-industrial processes and products.Volume 1/(德)波吉特·卡姆(Birgit Kamm),(美)帕特里克·R. 格鲁勃(Patrick R. Gruber),(德)迈克·卡姆(Michael Kamm)著/马延和主译.-北京:化学工业出版社,2007 |
| 342页;24cm.-(工业生物技术译著系列) |
| 国外优秀科技著作出版专项基金资助 |
| ISBN 978-7-5025-9605-7(精装):CNY58.00 |
| 本书内容涉及了生物炼制的概念及原理、工艺过程、工厂、当前和未来的生物基产品系以及其经济性等方面的概况。 |
| ● |
| 相关链接 |
|
|
|
|
正题名:生物炼制——工业过程与产品
索取号:Q939.97/64
 
预约/预借
| 序号 | 登录号 | 条形码 | 馆藏地/架位号 | 状态 | 备注 |
| 1 | 0614826 | 206148266 | 第二样本阅览室/ [索取号:Q939.97/64] | 在馆 | |
| 2 | 0614827 | 206148275 | 第三借阅区/ [索取号:Q939.97/64] | 在馆 | |
| 3 | 0614828 | 206148284 | 第三借阅区/ [索取号:Q939.97/64] | 在馆 | |
| 4 | 0614829 | 206148293 | 第三借阅区/ [索取号:Q939.97/64] | 在馆 |